000 00427nam a22001577a 4500
005 20250609150838.0
008 250609b |||||||| |||| 00| 0 eng d
020 _a978-0-1320-1799-2
100 _aBACH, BACH J.
245 _aTHE DESIGN OF THE UNIX OPERATING SYSTEM
260 _aNEW JERSEY
_bPRENTICE HALL
_c1986
300 _aXIV,471P.
500 _aINCLUDES AN INDEX
650 _aUNIX-COMPUTER FILES
942 _2lcc
_cBK
999 _c215635
_d215635